000 00998nam a2200265 a 4500
001 BRCA_1317
005 20190320203355.0
008 940902s1993 mx-a---##b---#000-0#spa-#
020 _a9687009357
050 4 _aNK1653.M4
_b.C37 1993
100 1 _aCastelló Yturbide, Teresa
_92444
245 1 0 _aEl arte plumaria en México
_cTeresa Castelló Yturbide con la colaboración de Manuel Cortina Portilla ... [et al.].
260 _aMéxico
_bFomento Cultural Banamex : Banamex-ACCIVAL
_c1993
300 _a250 p.
_bil. a color
_c33 cm.
500 _aIncluye piezas de la colección Franz Mayer: p. 143-144
500 _aLa biblioteca cuenta con 2 ejemplares
500 _aColección Sonia Corcuera de Mancera
504 _aBibliografía: p. 246-250
650 1 4 _aObjetos piadosos
_zMéxico
_94309
650 1 4 _aTrabajos en pluma
_vHistoria
_zMéxico
_94310
650 1 4 _aTrabajos en pluma indígenas
_zMéxico
_94311
700 1 _aCortina Portilla, Manuel
_9755
902 _aDSC
942 _2lcc
_cB
999 _c1181
_d1181